The 3rd International Shelter Conference : The key to housing for all: public/private partnerships :

Bibliographic Details
Format: Book
Published: Washington , 1990

MARC

LEADER 00000cam a2200000 7i4500
001 0000026186
005 20150620.0
090 0 0 |a S299 
245 0 4 |a The 3rd International Shelter Conference :   |b The key to housing for all: public/private partnerships :   |b 24-30 April 1990 
260 |a Washington ,   |c 1990 
999 |a S000000812   |b BOOK   |c Seminar   |e Default branch